000 00334nam a2200133Ia 4500
005 20260326235441.0
008 260326s9999||||xx |||||||||||||| ||und||
100 _aBroto, Carles
245 0 _aNuevos bloques de Apartamentos /
_cCarles Broto
260 _bLinks
300 _a239 p.
650 _aARQUITECTURA RESIDENCIAL
942 _cBK
999 _c7395
_d7395